000 00650pam a2200241 a 4500
001 2333242
005 20180215051240.0
008 821020s1983 nyua b 001 0 eng
010 _a 82019051
020 _a0080301290 :
_c$35.00 (est.)
020 _a0080309364 (pbk.)
040 _aDLC
_cDLC
_dDLC
041 _aeng
060 _aWN 110 C394i
080 _a616.07570288 CEM
082 0 0 _a616.07570288 CEM
_219
100 1 _a4
101 _aSHM
245 1 0 _aIntroduction to health physics /
_cHerman Cember.
504 _aIncludes bibliographies and indexes.
906 _a7
_bcbc
_corignew
_d1
_eocip
_f19
_gy-gencatlg
942 _2ddc
_cBK
999 _c42639
_d42639